Sports Quiz

Random Sports or Cricket Quiz
Score 0/50 Timer 07:00
0 Plays Today
Runs Player % Correct
1256Kumar Sangakkara
98.4%
1054Virat Kohli
95.1%
846Mahela Jayawardene
94.1%
892Hashim Amla
93%
879AB de Villiers
93%
872Joe Root
90.3%
990Tillakaratne Dilshan
89.7%
541Steven Smith
89.7%
406David Warner
89.2%
662Ross Taylor
86.5%
411Brendan Taylor
86.5%
418MS Dhoni
84.3%
770Kane Williamson
83.8%
1244Angelo Mathews
81.6%
578Rohit Sharma
80.5%
815Shikhar Dhawan
78.9%
790Faf du Plessis
76.8%
790Aaron Finch
75.7%
523Alastair Cook
74.6%
396Martin Guptill
72.4%
741Quinton de Kock
71.9%
768Ajinkya Rahane
70.8%
704Jos Buttler
69.7%
479Ian Bell
69.7%
421Moeen Ali
69.7%
Runs Player % Correct
560Eoin Morgan
68.6%
539Suresh Raina
62.7%
415Dwayne Bravo
62.7%
704Mushfiqur Rahim
54.6%
380Glenn Maxwell
51.4%
360Mohammad Hafeez
49.2%
406George Bailey
47%
506Kusal Perera
45.9%
395Thisara Perera
45.9%
532Hamilton Masakadza
44.9%
369Ravindra Jadeja
41.6%
362Umar Akmal
40%
354Shahid Afridi
38.4%
698Lahiru Thirimanne
37.8%
629Ahmed Shehzad
35.7%
422Ravi Bopara
34.6%
350Corey Anderson
34.6%
418Luke Ronchi
33%
584Ambati Rayudu
29.7%
334Mominul Haque
22.7%
631Anamul Haque
22.2%
516Denesh Ramdin
22.2%
392Elton Chigumbura
17.8%
399Sikandar Raza
11.4%
345Fawad Alam
5.9%
Remove Ads.
Support Sporcle.
Get the best of Sporcle when you Go Orange. This ad-free experience offers more features, more stats, and more fun while also helping to support Sporcle. Thank you for becoming a member.

You're not logged in!

Compare scores with friends on all Sporcle quizzes.
OR
Log In

Show Comments

Extras

Top Quizzes Today


Score Distribution

Your Account Isn't Verified!

In order to create a playlist on Sporcle, you need to verify the email address you used during registration. Go to your Sporcle Settings to finish the process.

Report this User

Report this user for behavior that violates our Community Guidelines.

Details: